[Event "USCL Queens vs Carolina"]
[Site "Internet Chess Club"]
[Date "2009.10.26"]
[Round "9"]
[White "Zaikov, Oleg"]
[Black "Lapshun, Yury"]
[Result "1-0"]
[WhiteElo "2388"]
[BlackElo "2504"]
[PlyCount "85"]
[EventDate "2009.??.??"]

1. d4 c5 2. d5 e5 3. e4 d6 4. Nc3 Be7 5. Bb5+ Bd7 6. Be2 a6 7. a4 Bg5 8. Bxg5
Qxg5 9. Nf3 Qxg2 10. Rg1 Qh3 11. Rxg7 Qh6 12. Rg3 Nf6 13. Nd2 Qxh2 14. Nc4 Ke7
15. Qd2 Nxe4 16. Nxe4 Qh1+ 17. Bf1 Qxe4+ 18. Re3 Qd4 19. Qa5 b5 20. axb5 axb5
21. Qxa8 bxc4 22. Qb7 Kf6 23. c3 Qg4 24. Ra8 Qg8 25. Rxb8 Qxb8 26. Qxd7 Rf8 27.
Bxc4 Kg7 28. Qf5 Rg8 29. Rf3 Qc7 30. Bb5 Qe7 31. Rg3+ Kh8 32. Bd3 Qh4 33. Qxf7
Rxg3 34. fxg3 Qxg3+ 35. Kd2 Qh2+ 36. Kc1 Qh6+ 37. Kc2 Qh2+ 38. Kb1 Qh6 39.
Qxh7+ Qxh7 40. Bxh7 Kxh7 41. b4 e4 42. b5 e3 43. Kc2 1-0

[Event "USCL Dallas vs Chicago"]
[Site "Internet Chess Club"]
[Date "2009.10.26"]
[Round "9"]
[White "Felecan, Florin"]
[Black "Ludwig, Daniel"]
[Result "1/2-1/2"]
[WhiteElo "2430"]
[BlackElo "2543"]
[PlyCount "60"]
[EventDate "2009.??.??"]

1. e4 c5 2. Nf3 d6 3. d4 cxd4 4. Nxd4 Nf6 5. Nc3 a6 6. Bg5 e6 7. Bc4 Be7 8. Qf3
Nbd7 9. Bb3 h6 10. Bxf6 Nxf6 11. O-O-O Qc7 12. Kb1 b5 13. e5 Bb7 14. Qg3 dxe5
15. Nxe6 fxe6 16. Qg6+ Kf8 17. Bxe6 Bb4 18. Rd7 Qxd7 19. Bxd7 Nxd7 20. Ne4 Rd8
21. Rd1 Be7 22. Nd6 Bxd6 23. Rxd6 Bc8 24. g4 Re8 25. h4 Nf6 26. Rxf6+ gxf6 27.
Qxf6+ Kg8 28. Qg6+ Kf8 29. Qf6+ Kg8 30. Qg6+ Kf8 1/2-1/2

[Event "USCL Dallas vs Chicago"]
[Site "Internet Chess Club"]
[Date "2009.10.26"]
[Round "9"]
[White "Kane, Jeremy"]
[Black "Roberts, Gerald"]
[Result "1-0"]
[WhiteElo "2168"]
[BlackElo "1885"]
[PlyCount "87"]
[EventDate "2009.??.??"]

1. d4 d5 2. c4 c6 3. Nf3 e6 4. e3 Nf6 5. b3 Nbd7 6. Bb2 Bd6 7. Bd3 b6 8. O-O
Bb7 9. Nbd2 Rc8 10. Ne5 g5 11. cxd5 Nxd5 12. Ne4 Bb8 13. Qh5 Nxe5 14. dxe5 h6
15. Nd6+ Bxd6 16. exd6 Rg8 17. Bh7 Rf8 18. Bg7 Nf6 19. Qxh6 Ng8 20. Bxg8 Rxg8
21. d7+ Qxd7 22. Rad1 Qe7 23. Qh7 Rxg7 24. Qxg7 c5 25. Qg8+ Qf8 26. Qxg5 Ba6
27. Rfe1 c4 28. bxc4 Bxc4 29. Rd4 f6 30. Qh5+ Qf7 31. Qxf7+ Kxf7 32. Rd7+ Kg6
33. Rxa7 Rd8 34. f3 Rd2 35. a3 b5 36. h3 Ra2 37. Rb1 Bd3 38. Rb4 Ra1+ 39. Kh2
Ra2 40. Rg4+ Kf5 41. h4 Bf1 42. h5 b4 43. Ra5+ e5 44. axb4 1-0

[Event "USCL Queens vs Carolina"]
[Site "Internet Chess Club"]
[Date "2009.10.26"]
[Round "9"]
[White "Zaremba, Andrei"]
[Black "Jones, Craig"]
[Result "1-0"]
[WhiteElo "2398"]
[BlackElo "2275"]
[PlyCount "63"]
[EventDate "2009.??.??"]

1. d4 Nf6 2. Nf3 g6 3. g3 Bg7 4. Bg2 d5 5. O-O O-O 6. c4 dxc4 7. Ne5 Nc6 8.
Nxc6 bxc6 9. Bxc6 Rb8 10. Nc3 Bh3 11. Re1 Qd6 12. d5 e6 13. Bf4 e5 14. Be3 Ng4
15. Bxa7 f5 16. f3 Nf6 17. Na4 f4 18. e4 fxg3 19. hxg3 Nh5 20. Kh2 Qf6 21. Rg1
Ra8 22. Bxa8 Rxa8 23. Be3 Bc8 24. Nc5 Nf4 25. Ne6 Nd3 26. b3 Bxe6 27. dxe6 Qxe6
28. bxc4 Rd8 29. Rg2 Rd6 30. Qb3 Nf4 31. c5 Nxg2 32. cxd6 1-0

[Event "USCL Dallas vs Chicago"]
[Site "Internet Chess Club"]
[Date "2009.10.26"]
[Round "9"]
[White "Bartholomew, John"]
[Black "van de Mortel, Jan"]
[Result "0-1"]
[WhiteElo "2499"]
[BlackElo "2456"]
[PlyCount "122"]
[EventDate "2009.??.??"]

1. e4 c5 2. Nf3 d6 3. d4 cxd4 4. Nxd4 Nf6 5. Nc3 g6 6. Be3 Bg7 7. f3 O-O 8. Qd2
Nc6 9. O-O-O Nxd4 10. Bxd4 Be6 11. Kb1 Qc7 12. h4 Rfc8 13. h5 Qa5 14. hxg6 hxg6
15. a3 Rab8 16. Bd3 b5 17. Qg5 Rc5 18. Bxc5 dxc5 19. Qxc5 Nd7 20. Qb4 Qc7 21.
Nd5 Bxd5 22. exd5 Nc5 23. Rhe1 a5 24. Qh4 Bf6 25. Qh6 Qd6 26. Bxg6 fxg6 27.
Qxg6+ Kf8 28. Rh1 Qe5 29. c3 b4 30. axb4 Rxb4 31. Rd4 Rxd4 32. cxd4 Qxd4 33.
Qc2 Qxd5 34. Rd1 Qb7 35. Rd2 Qb4 36. Re2 Na4 37. Qc8+ Kg7 38. Qg4+ Qxg4 39.
fxg4 Kg6 40. Rf2 Nxb2 41. Rf5 a4 42. Ra5 Bd4 43. Ra6+ Kg5 44. Re6 Bf6 45. Re4
Nd1 46. Kc2 Nc3 47. Rc4 a3 48. Rc5+ Kxg4 49. Ra5 a2 50. Kb2 Kg3 51. Ra8 Kxg2
52. Ra5 Kf2 53. Ra8 Ke2 54. Ra5 Kd3 55. Ra8 Bd4 56. Re8 e5 57. Rxe5 Bxe5 58.
Ka1 Bd6 59. Kb2 Ne2 60. Kxa2 Kc2 61. Ka1 Bf8 0-1

[Event "USCL Queens vs Carolina"]
[Site "Internet Chess Club"]
[Date "2009.10.26"]
[Round "9"]
[White "Agner, Carlito"]
[Black "Smith, Shaun"]
[Result "1/2-1/2"]
[WhiteElo "2220"]
[BlackElo "2038"]
[PlyCount "152"]
[EventDate "2009.??.??"]

1. e4 c5 2. Nc3 g6 3. f4 Bg7 4. Nf3 Nc6 5. Bc4 e6 6. O-O Nge7 7. d3 O-O 8. Bb3
Na5 9. Qe1 Nxb3 10. axb3 d5 11. Qf2 b6 12. Nb5 Bd7 13. Nd6 Bc6 14. e5 Nf5 15.
Nxf5 exf5 16. d4 c4 17. Qe3 Re8 18. Bd2 Bb5 19. Rfc1 cxb3 20. Qxb3 Qd7 21. Bb4
Rec8 22. Nd2 Bh6 23. Qe3 a5 24. Bd6 Bf8 25. Bxf8 Kxf8 26. b3 Qe6 27. Qf3 Bc6
28. Qh3 Kg7 29. c4 Bb7 30. Qe3 Ba6 31. c5 Bb7 32. Nf3 h6 33. Qc3 Rc6 34. b4
axb4 35. Qxb4 Qc8 36. Rxa8 Bxa8 37. Nd2 g5 38. Qa3 Qd8 39. Nb3 gxf4 40. cxb6
Rxb6 41. Nc5 Bc6 42. e6 Qf6 43. Qc3 fxe6 44. Nd3 f3 45. Ne5 f2+ 46. Kxf2 Qh4+
47. Kg1 Rb3 48. Qxb3 Qxd4+ 49. Kh1 Qxe5 50. Qb4 Be8 51. Re1 Qf6 52. Qd6 Bf7 53.
g3 Qc3 54. Qe5+ Qxe5 55. Rxe5 Kf6 56. Re2 e5 57. Kg2 d4 58. Rd2 Ke6 59. Kf2 Kd5
60. Rc2 e4 61. Rc8 e3+ 62. Ke2 Bh5+ 63. Kd3 Bd1 64. Rd8+ Ke5 65. Re8+ Kf6 66.
Kxd4 e2 67. Re3 h5 68. Kd3 h4 69. Kd2 hxg3 70. hxg3 Kg5 71. Ke1 Kg4 72. Kf2 Kg5
73. Re8 Kf6 74. Re3 Kg5 75. Re8 Kf6 76. Re3 Kg5 1/2-1/2

[Event "USCL Dallas vs Chicago"]
[Site "Internet Chess Club"]
[Date "2009.10.26"]
[Round "9"]
[White "Kiewra, Keaton"]
[Black "Pasalic, Mehmed"]
[Result "0-1"]
[WhiteElo "2365"]
[BlackElo "2346"]
[PlyCount "102"]
[EventDate "2009.??.??"]

1. e4 c5 2. Nf3 d6 3. d4 cxd4 4. Nxd4 Nf6 5. Nc3 Bd7 6. Bc4 a6 7. Bb3 Nc6 8. f3
e6 9. Be3 b5 10. a4 b4 11. Nxc6 Bxc6 12. Ne2 Be7 13. Nd4 Bd7 14. Qd2 O-O 15. g4
Qa5 16. h4 Rfd8 17. h5 h6 18. Rg1 Nh7 19. f4 e5 20. Nf5 Bxf5 21. gxf5 Bh4+ 22.
Bf2 Qc5 23. Bd5 Rac8 24. Rg2 Bxf2+ 25. Rxf2 Nf6 26. O-O-O Nxh5 27. fxe5 dxe5
28. f6 Nf4 29. fxg7 Kxg7 30. Kb1 Qd6 31. Rh2 h5 32. Rg1+ Kf8 33. Rhg2 Ke7 34.
Rg7 Rf8 35. Qf2 Rc7 36. Qh4+ Qf6 37. R7g5 Kd7 38. Qe1 Qd6 39. Rf5 f6 40. Qh4
Kc8 41. Rf1 Kb8 42. Bb3 Rc5 43. Ka2 a5 44. Rg1 Rc7 45. Rf1 Rc5 46. Rf3 Ka7 47.
Qf2 Rfc8 48. Rg3 R8c7 49. Rg8 Qb6 50. Rf8 R5c6 51. Qh4 Ng6 0-1

[Event "USCL San Francisco vs Tennessee"]
[Site "Internet Chess Club"]
[Date "2009.10.26"]
[Round "9"]
[White "Andrews, Todd"]
[Black "Bhat, Vinay"]
[Result "0-1"]
[WhiteElo "2360"]
[BlackElo "2504"]
[PlyCount "84"]
[EventDate "2009.??.??"]

1. e4 e5 2. Nf3 Nc6 3. Bb5 a6 4. Ba4 Nf6 5. O-O Be7 6. Re1 b5 7. Bb3 d6 8. c3
O-O 9. h3 Nd7 10. d4 Bf6 11. Qd3 Na5 12. Bc2 c5 13. d5 Nb6 14. Nbd2 g6 15. Nf1
Bg7 16. Ng3 Nb7 17. Qd1 a5 18. Nh2 a4 19. Rb1 Bd7 20. Ng4 Qh4 21. Ne3 c4 22.
Qf3 Nc5 23. a3 Nb3 24. Re2 Nxc1 25. Rxc1 Nc8 26. Ree1 Ne7 27. Rcd1 f6 28. Bb1
Kh8 29. Nc2 f5 30. exf5 gxf5 31. Nb4 Ng6 32. Nc6 e4 33. Qh5 Qf6 34. Qe2 Bh6 35.
Rd4 Nf4 36. Qd1 Rg8 37. Kh2 Rg7 38. Rg1 Rag8 39. Qf1 Qh4 40. Bc2 e3 41. fxe3
Qxg3+ 42. Kh1 Nxh3 0-1

[Event "USCL San Francisco vs Tennessee"]
[Site "Internet Chess Club"]
[Date "2009.10.26"]
[Round "9"]
[White "Justice, David"]
[Black "Liou, Yian"]
[Result "1-0"]
[WhiteElo "2087"]
[BlackElo "2149"]
[PlyCount "91"]
[EventDate "2009.??.??"]

1. e4 c5 2. Nf3 g6 3. d4 cxd4 4. Nxd4 Nc6 5. c4 Nf6 6. Nc3 d6 7. Nc2 Bg7 8. Be2
O-O 9. O-O Nd7 10. Bd2 a5 11. Na3 Nc5 12. Nab5 Be6 13. Be3 Kh8 14. Rc1 Rc8 15.
b3 b6 16. Bg4 Bxg4 17. Qxg4 f5 18. exf5 gxf5 19. Qh3 Nb4 20. Rcd1 f4 21. Bd4
Qe8 22. Bxg7+ Kxg7 23. Rfe1 Qf7 24. a3 Nc6 25. Nd5 Ne5 26. Nxb6 Rb8 27. Nd5 f3
28. b4 axb4 29. axb4 Ne6 30. Nd4 Nxd4 31. Rxd4 fxg2 32. Qg3+ Kh8 33. Rxe5 dxe5
34. Qxe5+ Qg7 35. Qxg7+ Kxg7 36. Re4 Rfe8 37. c5 e6 38. Nc3 Kf6 39. c6 Rg8 40.
b5 Ke7 41. Rd4 Ra8 42. Rd7+ Kf6 43. c7 Ra1+ 44. Nd1 Rc8 45. b6 Rb1 46. Rd8 1-0

[Event "USCL San Francisco vs Tennessee"]
[Site "Internet Chess Club"]
[Date "2009.10.26"]
[Round "9"]
[White "Naroditsky, Daniel"]
[Black "Bick, John"]
[Result "1/2-1/2"]
[WhiteElo "2371"]
[BlackElo "2260"]
[PlyCount "141"]
[EventDate "2009.??.??"]

1. e4 Nf6 2. e5 Nd5 3. d4 d6 4. c4 Nb6 5. exd6 exd6 6. Nc3 Be7 7. h3 O-O 8. Nf3
Bf6 9. Be2 Re8 10. O-O g6 11. Be3 Nc6 12. Rc1 Bg7 13. Bg5 f6 14. Be3 Ne7 15. c5
Nbd5 16. Bc4 c6 17. Bxd5+ Nxd5 18. Nxd5 cxd5 19. Qb3 b6 20. Bf4 dxc5 21. dxc5
bxc5 22. Rxc5 Be6 23. Re1 Bf7 24. Rxe8+ Qxe8 25. Qe3 Qxe3 26. Bxe3 a6 27. Bd4
Re8 28. Ra5 Re6 29. Rxd5 Re1+ 30. Nxe1 Bxd5 31. b3 Kf7 32. Nd3 Bf8 33. f3 Be6
34. Kf2 h5 35. Ke2 Bd6 36. Ke3 g5 37. Bc5 Bc7 38. Nb4 a5 39. Nc2 Bf5 40. Nd4
Bd7 41. a3 f5 42. b4 axb4 43. axb4 Be5 44. Ne2 f4+ 45. Kf2 Ke6 46. Bd4 Bd6 47.
Bc3 Be7 48. h4 Kf5 49. hxg5 Bxg5 50. Bd4 Bh4+ 51. Kg1 Be7 52. Bc5 Bxc5+ 53.
bxc5 Ke5 54. Nc3 h4 55. Kh2 Kd4 56. Ne4 Ke5 57. Nf2 Kd4 58. Ng4 Kxc5 59. Kh3
Bb5 60. Kxh4 Bf1 61. Kh3 Kd4 62. Nf6 Ke5 63. Ne4 Bd3 64. Nf2 Bf1 65. Ne4 Bd3
66. Nc3 Bf5+ 67. Kh4 Bd3 68. Nd1 Bf1 69. Kh3 Kd4 70. Nf2 Ke5 71. Ne4 1/2-1/2

[Event "USCL San Francisco vs Tennessee"]
[Site "Internet Chess Club"]
[Date "2009.10.26"]
[Round "9"]
[White "Wolff, Patrick"]
[Black "Burnett, Ron"]
[Result "1-0"]
[WhiteElo "2623"]
[BlackElo "2380"]
[PlyCount "159"]
[EventDate "2009.??.??"]

1. e4 d6 2. d4 g6 3. Nf3 Bg7 4. Be2 c6 5. a4 Nd7 6. O-O Qc7 7. Nc3 Ngf6 8. Be3
b6 9. Nd2 e5 10. dxe5 Nxe5 11. h3 O-O 12. f4 Ned7 13. Bf3 Ba6 14. Re1 Rfe8 15.
Ra3 Rad8 16. b4 h6 17. b5 Bb7 18. bxc6 Bxc6 19. Bd4 Nh5 20. Bxg7 Nxg7 21. Kh1
Nf6 22. Nb5 Qb7 23. Rd3 Bxb5 24. axb5 Qc7 25. Nb3 Ngh5 26. Bxh5 Nxh5 27. Nd4
Nxf4 28. Rf3 Ne6 29. Nc6 Rd7 30. Rf6 a6 31. c4 axb5 32. cxb5 Nd8 33. Nb4 Re5
34. Nd5 Qc5 35. Rxg6+ fxg6 36. Nf6+ Kg7 37. Nxd7 Qxb5 38. Nxe5 Qxe5 39. Qa4 Nf7
40. Rf1 Qe7 41. Qd4+ Qe5 42. Qc4 Qe7 43. Qc3+ Qe5 44. Qc7 Qe6 45. Qb7 h5 46.
Rf4 Qc4 47. Kh2 Qe6 48. h4 Kg8 49. Qxb6 Qe5 50. g3 Qe7 51. Qb3 Kg7 52. Qc3+ Ne5
53. Kg2 Kh7 54. Qd4 Ng4 55. Rf3 Qc7 56. Rc3 Qa5 57. Rc2 Kg8 58. Rc8+ Kf7 59.
Qc4+ Ke7 60. Qc7+ Qxc7 61. Rxc7+ Kf6 62. Ra7 Ke5 63. Ra4 Nf6 64. Kf3 d5 65.
exd5 Nxd5 66. Ra5 Ke6 67. Ke4 Nc7 68. Ra7 Nb5 69. Ra6+ Kf7 70. Ke5 Kg7 71. Rb6
Nc3 72. Rb7+ Kh6 73. Rb3 Ne2 74. Re3 Ng1 75. Kf6 Nh3 76. Re8 Kh7 77. Re7+ Kh6
78. Rg7 Nf2 79. Rxg6+ Kh7 80. Kg5 1-0

[Event "USCL Queens vs Carolina"]
[Site "Internet Chess Club"]
[Date "2009.10.26"]
[Round "9"]
[White "Schneider, Dmitry"]
[Black "Schroer, Jonathan"]
[Result "1/2-1/2"]
[WhiteElo "2510"]
[BlackElo "2429"]
[PlyCount "218"]
[EventDate "2009.??.??"]

1. e4 e5 2. Nf3 Nc6 3. Bb5 a6 4. Ba4 Nf6 5. d3 d6 6. c3 Be7 7. Nbd2 O-O 8. Nf1
b5 9. Bb3 d5 10. Qe2 Be6 11. Ng3 a5 12. exd5 Nxd5 13. O-O a4 14. Bc2 Nf4 15.
Bxf4 exf4 16. Ne4 Re8 17. d4 Qd5 18. Ned2 Bf5 19. Bxf5 Qxf5 20. Rfe1 g5 21. Qe4
Qxe4 22. Nxe4 g4 23. Ne5 Nxe5 24. dxe5 Ra6 25. g3 f3 26. h3 h5 27. Nd2 Bg5 28.
Nf1 Rae6 29. Rad1 Rxe5 30. Rxe5 Rxe5 31. hxg4 hxg4 32. Rd4 f5 33. c4 Kf7 34.
Rd7+ Ke6 35. Rxc7 f4 36. Rc6+ Kf5 37. cxb5 Rxb5 38. Rc4 Rxb2 39. Rxa4 Rb1 40.
Ra5+ Kf6 41. Ra6+ Kf7 42. gxf4 Bf6 43. Rd6 Be7 44. Rd5 Rc1 45. a4 Bc5 46. Rd3
Ke6 47. a5 Kf5 48. a6 Kxf4 49. Rd7 Ra1 50. Rf7+ Ke4 51. Rg7 Kf5 52. Rf7+ Kg6
53. Rf4 Kg5 54. Rc4 Bb6 55. Rc3 Rxa6 56. Nd2 Ra1+ 57. Kh2 Bxf2 58. Nxf3+ gxf3
59. Rxf3 Bd4 60. Rb3 Kg4 61. Rg3+ Kf4 62. Rg8 Be5 63. Kg2 Ra2+ 64. Kh1 Kf3 65.
Rg2 Ra1+ 66. Rg1 Ra8 67. Rf1+ Kg3 68. Rg1+ Kh3 69. Rd1 Ra4 70. Kg1 Ra2 71. Kf1
Kg3 72. Rd3+ Kf4 73. Rb3 Ke4 74. Kg1 Bd4+ 75. Kf1 Be3 76. Ke1 Rc2 77. Kd1 Rc8
78. Ke2 Rc2+ 79. Kd1 Rh2 80. Ke1 Rh8 81. Ke2 Bd4 82. Kd2 Rh2+ 83. Kd1 Kd5 84.
Ke1 Kc4 85. Rf3 Ra2 86. Kf1 Kd5 87. Rb3 Ke4 88. Ke1 Be3 89. Kd1 Kd4 90. Ke1 Bg5
91. Kf1 Ke4 92. Ke1 Be3 93. Kd1 Rd2+ 94. Kc1 Kd4 95. Kb1 Bg5 96. Rb2 Rd1+ 97.
Kc2 Rc1+ 98. Kb3 Rc8 99. Rg2 Be3 100. Rc2 Rb8+ 101. Ka4 Kd5 102. Ka3 Bc5+ 103.
Ka2 Bd4 104. Ka3 Ke4 105. Ka4 Kd3 106. Rc6 Bc3 107. Rd6+ Kc4 108. Rc6+ Kd4 109.
Rc7 Rb4+ 1/2-1/2

[Event "USCL Philadelphia vs New Jersey"]
[Site "Internet Chess Club"]
[Date "2009.10.28"]
[Round "9"]
[White "Gulko, Boris"]
[Black "Bartell, Tom"]
[Result "1-0"]
[WhiteElo "2609"]
[BlackElo "2411"]
[PlyCount "46"]
[EventDate "2009.??.??"]

1. d4 Nf6 2. c4 e6 3. Nc3 d5 4. cxd5 exd5 5. Bg5 Nbd7 6. e3 Be7 7. Bd3 O-O 8.
Nge2 b6 9. Ng3 g6 10. h4 h5 11. Qc2 Kg7 12. Nge2 Re8 13. Nf4 Nf8 14. Bxf6+ Bxf6
15. Ncxd5 Bb7 16. Nxc7 Rxe3+ 17. fxe3 Bxh4+ 18. Rxh4 Qxh4+ 19. Qf2 Qh1+ 20. Bf1
Rc8 21. Rc1 Nh7 22. Kd2 Ng5 23. Bd3 Qh2 1-0

[Event "USCL Baltimore vs New York"]
[Site "Internet Chess Club"]
[Date "2009.10.28"]
[Round "9"]
[White "Foisor, Sabina"]
[Black "Herman, Matt"]
[Result "0-1"]
[WhiteElo "2390"]
[BlackElo "2275"]
[PlyCount "74"]
[EventDate "2009.??.??"]

1. d4 d5 2. c4 c6 3. Nc3 Nf6 4. e3 Nbd7 5. cxd5 cxd5 6. Nf3 e6 7. Bd3 Bd6 8.
Bd2 a6 9. Qe2 b5 10. O-O Bb7 11. Rfc1 O-O 12. a3 Ne4 13. Ne1 e5 14. Nxe4 dxe4
15. Bb1 Qh4 16. g3 Qh3 17. Bc3 Rae8 18. Qf1 Qh5 19. Ba2 Kh8 20. Rd1 Bb8 21. Bb4
Rg8 22. d5 f5 23. a4 f4 24. axb5 Ba7 25. Ng2 Nf6 26. d6 Ng4 27. h4 fxe3 28.
fxe3 Nxe3 29. Nxe3 Bxe3+ 30. Kh2 Ref8 31. Bxg8 Rxf1 32. Rxf1 Qe2+ 33. Kh1 Bf2
34. Kh2 Bd4+ 35. Kh3 Bc8+ 36. g4 Qxg4+ 37. Kh2 Qh3# 0-1

[Event "USCL Baltimore vs New York"]
[Site "Internet Chess Club"]
[Date "2009.10.28"]
[Round "9"]
[White "Erenburg, Sergey"]
[Black "Kacheishvili, Giorgi"]
[Result "1/2-1/2"]
[WhiteElo "2616"]
[BlackElo "2666"]
[PlyCount "67"]
[EventDate "2009.??.??"]

1. e4 c6 2. d4 d5 3. e5 Bf5 4. Nf3 e6 5. Be2 c5 6. Be3 cxd4 7. Nxd4 Ne7 8. Nd2
Nbc6 9. N2f3 Be4 10. O-O Bxf3 11. Nxf3 Nf5 12. Bf4 h6 13. Bd3 g5 14. Bxf5 exf5
15. Be3 Bg7 16. Bc5 Qd7 17. Bd6 O-O-O 18. Qd3 f6 19. Qc3 Rde8 20. exf6 d4 21.
Qc5 Bxf6 22. Rfe1 Rxe1+ 23. Rxe1 Rd8 24. Be5 Be7 25. Qc4 Qd5 26. Qd3 Bb4 27.
Qxf5+ Rd7 28. c3 dxc3 29. bxc3 Bxc3 30. Qf8+ Rd8 31. Qf5+ Rd7 32. Qf8+ Rd8 33.
Qf5+ Rd7 34. Qf8+ 1/2-1/2

[Event "USCL Philadelphia vs New Jersey"]
[Site "Internet Chess Club"]
[Date "2009.10.28"]
[Round "9"]
[White "Finn, Sean"]
[Black "Shahade, Jennifer"]
[Result "1-0"]
[WhiteElo "2114"]
[BlackElo "2301"]
[PlyCount "69"]
[EventDate "2009.??.??"]

1. e4 c5 2. Nf3 a6 3. d4 cxd4 4. Nxd4 Nf6 5. Bd3 e5 6. Nb3 b5 7. Bg5 Be7 8. O-O
Bb7 9. Qe2 O-O 10. a4 b4 11. N1d2 Qc7 12. Nc4 Nc6 13. a5 Rad8 14. Ne3 Ra8 15.
Bxf6 Bxf6 16. Nd5 Qd6 17. Rfd1 Nd4 18. Nxd4 exd4 19. Nb6 Rae8 20. Qg4 Be5 21.
g3 f5 22. exf5 Kh8 23. Re1 Qc7 24. Qh5 d6 25. f4 Qc6 26. Be4 Qc5 27. Nd7 Qa7
28. Nxf8 d3+ 29. Kg2 Rxf8 30. fxe5 d2 31. Re2 Qd4 32. Bxb7 d1=Q 33. Rxd1 Qxd1
34. e6 g6 35. e7 1-0

[Event "USCL Baltimore vs New York"]
[Site "Internet Chess Club"]
[Date "2009.10.28"]
[Round "9"]
[White "Norowitz, Yaacov"]
[Black "Defibaugh, Jared"]
[Result "1/2-1/2"]
[WhiteElo "2354"]
[BlackElo "2155"]
[PlyCount "137"]
[EventDate "2009.??.??"]

1. d4 Nf6 2. e3 d5 3. c3 Bf5 4. Qb3 b6 5. c4 e6 6. Nc3 Be7 7. Nf3 h6 8. g3 O-O
9. Bg2 c6 10. Nd2 Na6 11. a3 Qd7 12. O-O Rac8 13. Rd1 Rfd8 14. e4 Bg6 15. e5
Ne8 16. Nf1 Nec7 17. Bf4 dxc4 18. Qxc4 Nb8 19. Ne4 Nd5 20. Be3 Qb7 21. Rac1 Nd7
22. f4 c5 23. Nc3 cxd4 24. Nxd5 exd5 25. Qxd4 Nc5 26. Bxd5 Qb8 27. b4 Nb3 28.
Rxc8 Qxc8 29. Bxb3 Rxd4 30. Bxd4 Bf5 31. Ne3 Be6 32. Bc2 g6 33. Be4 a5 34. Bxb6
axb4 35. axb4 Qb8 36. Ba5 Qb5 37. Nd5 Bxd5 38. Bxd5 Qe2 39. Rf1 Qd2 40. Bg2
Bxb4 41. Bxb4 Qxb4 42. h4 Kg7 43. Kh2 Qd2 44. Kh3 Qe2 45. Rb1 g5 46. Rf1 Kf8
47. Kh2 gxh4 48. gxh4 Qg4 49. Bh3 Qxh4 50. f5 Qe4 51. e6 h5 52. exf7 h4 53. Bg2
Qe5+ 54. Kh1 Qg3 55. Rf3 Qg4 56. f6 Kxf7 57. Rf1 Qd4 58. Rf3 Qd1+ 59. Rf1 Qd4
60. Rf3 Qe5 61. Kg1 Qg5 62. Kh1 Qh5 63. Kg1 h3 64. Rxh3 Qd1+ 65. Kh2 Kxf6 66.
Rf3+ Kg5 67. Rh3 Qe1 68. Rf3 Kg4 69. Rh3 1/2-1/2

[Event "USCL Philadelphia vs New Jersey"]
[Site "Internet Chess Club"]
[Date "2009.10.28"]
[Round "9"]
[White "Costigan, Richard"]
[Black "Shen, Victor"]
[Result "0-1"]
[WhiteElo "2288"]
[BlackElo "2305"]
[PlyCount "132"]
[EventDate "2009.??.??"]

1. d4 Nf6 2. Nf3 e6 3. Bg5 h6 4. Bxf6 Qxf6 5. e3 g6 6. Bd3 Bg7 7. Nbd2 O-O 8.
Qe2 b6 9. O-O Bb7 10. c3 d6 11. Rfd1 Qe7 12. Be4 Bxe4 13. Nxe4 d5 14. Ned2 Nd7
15. a4 c5 16. a5 cxd4 17. exd4 bxa5 18. Rxa5 Rfb8 19. b4 Rc8 20. Qd3 Nb6 21.
Rda1 Rc7 22. Nb3 Nc4 23. Rc5 Rd8 24. Na5 Nxa5 25. Raxa5 Rcd7 26. Qe3 Rd6 27. h3
Qb7 28. Ne5 Rb6 29. Ra3 Ra6 30. Rxa6 Qxa6 31. Ra5 Qb6 32. Nd3 Qc7 33. Rc5 Qb6
34. Qf4 Rf8 35. Qc7 Qa6 36. Qg3 Rd8 37. Qe3 Qa1+ 38. Kh2 Bf8 39. Rc6 Qa4 40.
Ne5 f6 41. Rxe6 fxe5 42. Qg3 Bg7 43. Rxg6 Qd7 44. dxe5 Re8 45. f4 Kh8 46. Qh4
Qf7 47. Qg4 Rf8 48. g3 d4 49. cxd4 Qa2+ 50. Kg1 Qb1+ 51. Kf2 Qc2+ 52. Ke3 Rc8
53. f5 Rc3+ 54. Kf4 Qd2+ 55. Ke4 Qg2+ 56. Kf4 Qf2+ 57. Ke4 Re3+ 58. Kd5 Qa2+
59. Kd6 Bf8+ 60. Kc7 Rc3+ 61. Kb8 Qf7 62. f6 Qc7+ 63. Ka8 Qd8+ 64. Kb7 Rc7+ 65.
Ka6 Rc6+ 66. Kb5 Qb6+ 0-1

[Event "USCL Boston vs Miami"]
[Site "Internet Chess Club"]
[Date "2009.10.28"]
[Round "9"]
[White "Perelshteyn, Eugene"]
[Black "Lopez, Bruci"]
[Result "1-0"]
[WhiteElo "2628"]
[BlackElo "2480"]
[PlyCount "87"]
[EventDate "2009.??.??"]

1. d4 Nf6 2. c4 g6 3. Nc3 Bg7 4. e4 d6 5. Nf3 O-O 6. Be2 e5 7. Be3 h6 8. d5 Ng4
9. Bd2 f5 10. h3 Nf6 11. exf5 gxf5 12. g3 Na6 13. Qc1 Kh7 14. Qc2 c6 15. Nh4 e4
16. O-O cxd5 17. Nxd5 Nxd5 18. cxd5 Nc7 19. Qb3 Be5 20. Rac1 b6 21. Bh5 Rf6 22.
Bc3 Bxc3 23. Rxc3 Bb7 24. Rd1 Na6 25. Qc2 Qe7 26. Ng2 Qd7 27. Nf4 Rc8 28. a3
Rc7 29. b4 Qc8 30. Rc1 Rxc3 31. Qxc3 Qxc3 32. Rxc3 Rf8 33. Bg6+ Kg8 34. Ne6 Rf6
35. Bh5 Bxd5 36. Rc8+ Kh7 37. Nf4 Bf7 38. Rf8 Kg7 39. Ra8 Bc4 40. Rxa7+ Kg8 41.
Ra8+ Rf8 42. Ra7 Rc8 43. Bg6 Rf8 44. Bh7+ 1-0

[Event "USCL Boston vs Miami"]
[Site "Internet Chess Club"]
[Date "2009.10.28"]
[Round "9"]
[White "Martinez, Marcel"]
[Black "Shmelov, Denys"]
[Result "1-0"]
[WhiteElo "2475"]
[BlackElo "2474"]
[PlyCount "125"]
[EventDate "2009.??.??"]

1. d4 Nf6 2. c4 e6 3. Nc3 Bb4 4. e3 b6 5. Nge2 c5 6. a3 Ba5 7. Rb1 Na6 8. Bd2
O-O 9. Ng3 cxd4 10. exd4 Bxc3 11. Bxc3 Bb7 12. Bd3 d5 13. b3 Qe7 14. O-O Rfd8
15. Re1 Rac8 16. Qd2 Qd7 17. Bb2 Nc7 18. Rbc1 Nce8 19. f3 Qd6 20. Qe3 Qd7 21.
c5 Bc6 22. Ne2 Rb8 23. Bc2 a5 24. Qd2 Rdc8 25. Nf4 Qd8 26. Bc3 Nd7 27. b4 Bb5
28. Nd3 Bc4 29. Nb2 Nef6 30. Bd3 axb4 31. axb4 b5 32. Ra1 Ra8 33. Nd1 Rxa1 34.
Bxa1 Ra8 35. Nc3 Rb8 36. Bb2 h6 37. Qe2 Nf8 38. Ra1 Ng6 39. g3 Nh5 40. Qe3 Bxd3
41. Qxd3 Qg5 42. Kf2 e5 43. Bc1 Qd8 44. Qf5 Nf6 45. dxe5 d4 46. Ne4 Nxe4+ 47.
Qxe4 d3 48. Be3 Qe8 49. f4 Rd8 50. Rd1 Qe6 51. Rxd3 Qa2+ 52. Bd2 Re8 53. Rd7
Nf8 54. Qd5 Ra8 55. Qxa2 Rxa2 56. Rd8 g6 57. Kf3 Kg7 58. Rd3 Rc2 59. g4 f6 60.
Ke4 Kf7 61. exf6 Kxf6 62. Kd5 Ne6 63. Kc6 1-0

[Event "USCL Seattle vs Arizona"]
[Site "Internet Chess Club"]
[Date "2009.10.28"]
[Round "9"]
[White "Altounian, Levon"]
[Black "Mikhailuk, Slava"]
[Result "1-0"]
[WhiteElo "2538"]
[BlackElo "2437"]
[PlyCount "63"]
[EventDate "2009.??.??"]

1. Nf3 Nf6 2. c4 g6 3. Nc3 d5 4. cxd5 Nxd5 5. Qa4+ Bd7 6. Qh4 Nxc3 7. dxc3 Nc6
8. Bf4 f6 9. Bh6 e5 10. Bxf8 Kxf8 11. Qh6+ Kf7 12. e4 Be6 13. Bb5 g5 14. h4 g4
15. Nh2 Qe8 16. Be2 Qg8 17. O-O-O Qg6 18. Nxg4 Qxh6+ 19. Nxh6+ Kg6 20. Ng4 Rad8
21. b3 a5 22. Ne3 Ne7 23. g3 a4 24. Kb2 Rxd1 25. Rxd1 Ra8 26. Bc4 Bxc4 27. Nxc4
b5 28. Ne3 axb3 29. axb3 Re8 30. Rd7 c6 31. g4 h5 32. f3 1-0

[Event "USCL Boston vs Miami"]
[Site "Internet Chess Club"]
[Date "2009.10.28"]
[Round "9"]
[White "Rodriguez, Eric"]
[Black "Krasik, Ilya"]
[Result "1/2-1/2"]
[WhiteElo "2290"]
[BlackElo "2252"]
[PlyCount "136"]
[EventDate "2009.??.??"]

1. d4 d5 2. c4 c6 3. Nf3 Nf6 4. Nc3 e6 5. g3 dxc4 6. Ne5 Nbd7 7. Nxc4 b5 8. Nd2
Bb7 9. Bg2 Qb6 10. O-O Rd8 11. a4 b4 12. a5 Qxd4 13. Nb5 Qe5 14. a6 Ba8 15.
Nxa7 Qc7 16. Nxc6 Bxc6 17. Qc2 Bc5 18. Nb3 Bxg2 19. Kxg2 Rc8 20. Nxc5 Qxc5 21.
Qxc5 Nxc5 22. Be3 Nb3 23. Ra4 Nd5 24. a7 O-O 25. Bf4 Ra8 26. Bd6 Rfd8 27. Bxb4
Nxb4 28. Rxb4 Na5 29. Ra1 Nc6 30. Rb7 g6 31. b4 Rd2 32. b5 Rxa7 33. Rbxa7 Nxa7
34. Rxa7 Rb2 35. Rb7 Rxe2 36. Kf3 Rb2 37. b6 g5 38. h3 Kg7 39. Ke3 h5 40. Rb8
Kf6 41. Rb7 h4 42. Kf3 Rb3+ 43. Kg2 Kg6 44. Rb8 hxg3 45. fxg3 Kf5 46. Kf2 Ke4
47. b7 Rb2+ 48. Kg1 Kf3 49. Rg8 Rxb7 50. Rxg5 Rb1+ 51. Kh2 Rb2+ 52. Kh1 Rb1+
53. Kh2 Rb2+ 54. Kh1 f5 55. h4 Rb7 56. Kh2 Rb2+ 57. Kh1 e5 58. Rxf5+ Kxg3 59.
Kg1 e4 60. Kf1 Kg4 61. Rf8 Rh2 62. h5 Rxh5 63. Ke2 Rh3 64. Rg8+ Kf4 65. Rf8+
Ke5 66. Re8+ Kd5 67. Rd8+ Kc4 68. Rc8+ Kd4 1/2-1/2